LOTR: The Two Towers (Movie) Quotations Quiz Stats

Quiz not verified by Sporcle

Also try: Opening Scenes
Challenge
Share
Tweet
Embed
Score 0/30 Timer 09:00
0 Plays Today
Beginning End % Correct
I have told your names to the Entmoot, and we have agreed you are not... (1 word)orcs!
88.3%
Legolas! What do your... (3 words)elf eyes see?
84.7%
When last I looked, Théoden, not Aragorn, was... (3 words)king of Rohan!
84.5%
They're taking the hobbits to... (1 word)Isengard!
82.9%
I am on nobody's side, because... (5 words)nobody is on my side.
82.5%
You've left out one of the chief characters - (3 words)Samwise the Brave!
80.6%
There is no promise you can make that I can... (1 word)trust.
76.4%
Look to my coming on the first light of the... (2 words)fifth day.
69.8%
The closer we are to danger, the farther we... (3 words)are from harm!
69.2%
Not idly do the leaves... (3 words)of Lorien fall...
66.9%
You'll find more cheer... (3 words)in a graveyard...
63.1%
The battle of Helm's Deep is over; the battle for Middle Earth... (4 words)is about to begin...
61.3%
Stop! This creature is bound to me and I to him. He is... (2 words)our guide.
60.3%
A red sun rises... (6 words)blood has been spilled this night.
59.1%
We Dwarves are natural sprinters, very dangerous... (3 words)over short distances!
58.3%
Beginning End % Correct
Be silent. Keep your forked tongue... (3 words)behind your teeth!
55.8%
I found it, I did. A way through... (2 words)the marshes!
55.8%
You don't have any friends... (3 words)nobody likes you!
53.8%
I would cut off your head, dwarf, if it stood... (7 words)but a little higher from the ground.
53.4%
We be nice to them... (6 words)if they be nice to us!
52.8%
It is an army bred for a single purpose: (6 words)to destroy the world of men.
50.2%
I come back to you now... (6 words)at the turn of the tide.
48%
No my lord! Let him go. Enough blood has been spilt... (3 words)on his account.
47.8%
Ill news is an... (2 words)ill guest.
46.8%
What business does an elf, man, and a dwarf have... (4 words)in the Ridder-Mark?
45.6%
I promised Gandalf I would keep you safe and safe is... (4 words)where I'll keep you!
45.6%
Too long have you watched my sister. Too long have you... (3 words)haunted her steps...
44%
All dead... all rotten. Elves and men and orcses. A great battle... (2 words)long ago...
41.7%
Open war is upon you whether you... (5 words)would risk it or not.
36.5%
So fair, yet so cold like a morning of pale Spring... (5 words)still clinging to winter's chill...
16.7%

You're not logged in!

Compare scores with friends on all Sporcle quizzes.
Sign Up with Email
OR
Log In

You Might Also Like...

Show Comments

Extras

Top Quizzes Today


Score Distribution

Your Account Isn't Verified!

In order to create a playlist on Sporcle, you need to verify the email address you used during registration. Go to your Sporcle Settings to finish the process.